The great Karoo [ a secret Africa

Bibliographic Details
Format: Book
Published: London : BBC Video , 1993
Subjects:

MARC

LEADER 00000cam a2200000 7i4500
001 0000001983
002 000002162
005 20021014.0
020 |a 000002162 
090 0 0 |a 639.9   |b GRE 
245 0 4 |a The great Karoo [  |h video recording] :   |b a secret Africa   |c narrated by Janet Suzman 
260 |a London :   |b BBC Video ,   |c 1993 
300 |a 1 Video recording (50 minutes) :   |b col. 
500 |a Library has 1 copy 
650 0 0 |a Wildlife conservation   |x Wilderness areas 
999 |a 00067   |b VIDEO   |c KOLEKSI AUDIO VIDEO   |e PERPUSTAKAAN KOMUNITI PETALING JAYA